| 000 | 00000nam 2200000zi 4500 |
| 001 | 9.947884 |
| 003 | CaOODSP |
| 005 | 20250409144836 |
| 006 | m o d f |
| 007 | cr mn||||||||| |
| 008 | 250211s2025 onca ob f000 0 fre d |
| 020 | |a9780660756745 |
| 040 | |aCaOODSP|bfre|erda|cCaOODSP |
| 086 | 1 |aPS83-3/481F-PDF |
| 100 | 1 |aBarkovich, L., |eauteur. |
| 245 | 10|aExamen systématique de la relation entre le jeu compulsif et le système de justice pénale / |cBarkovich, L., Froude, A.M., Massey, M., Eskandarian, S., MacKillop, J., et Balodis, I.M. |
| 264 | 1|a[Ottawa] : |bService correctionnel du Canada = Correctional Service Canada, |c2025. |
| 300 | |a1 ressource en ligne (xi, 102 pages) : |billustration. |
| 336 | |atexte|btxt|2rdacontent/fre |
| 337 | |ainformatique|bc|2rdamedia/fre |
| 338 | |aressource en ligne|bcr|2rdacarrier/fre |
| 490 | 1 |aRapport de recherche ; |vn° R-481 |
| 500 | |aPublié aussi en anglais sous le titre : A systematic review of the relationship between problem gambling and the criminal justice system. |
| 500 | |aIl y a 2 pages avec le numéro de page v imprimé dessus. |
| 504 | |aComprend des références bibliographiques (pages 69-80). |
| 520 | |a« Les personnes ayant des problèmes de jeu compulsif (JC) sont surreprésentées dans le système de justice pénale. Les estimations de la prévalence dans certaines études suggèrent des taux de JC de plus de 30 %, une différence stupéfiante par rapport aux 2 % à 5 % estimés dans la population générale. Outre les comportements criminels, les préjudices associés au JC comprennent une instabilité en matière d'emploi, une mauvaise santé et un taux de suicide accru, dans une mesure de loin supérieure à ce qu'on observe chez les personnes ayant des troubles liés à l'utilisation de substances. Le présent rapport résume la documentation actuelle sur le JC évaluée par les pairs en ce qui concerne les arrestations, l'incarcération, la récidive et les comportements problématiques. Les études ont été organisées en quatre thèmes : (1) les types d'actes illégaux; (2) les traits, les comportements et les caractéristiques liés au JC; (3) les populations des personnes récemment arrêtées et de la collectivité; et (4) les populations carcérales. … » -- Résumé, page iii. |
| 650 | 6|aJeux de hasard|xComportement compulsif. |
| 650 | 6|aJoueurs compulsifs. |
| 650 | 6|aJeux de hasard et criminalité. |
| 650 | 6|aJustice pénale|xAdministration. |
| 710 | 2 |aService correctionnel Canada, |eorganisme de publication. |
| 775 | 08|tA systematic review of the relationship between problem gambling and the criminal justice system / |w(CaOODSP)9.947883 |
| 830 | #0|aRapport de recherche (Service correctionnel Canada. Direction de la recherche)|vn° R-481.|w(CaOODSP)9.502465 |
| 856 | 40|qPDF|s1.61 Mo|uhttps://publications.gc.ca/collections/collection_2025/scc-csc/PS83-3-481-fra.pdf |